| 000 | 01067cam a2200229 4500 | ||
|---|---|---|---|
| 001 | WB3819-24 | ||
| 008 | 020522n2002 000 0 eng u | ||
| 035 | _a(Sirsi) u118089 | ||
| 245 | _aGuide for better town centres | ||
| 260 | _c2002 | ||
| 490 |
_aPlanning (for the Natural and Built Environment) _v(1471) 17 May 2002, 2(1) |
||
| 520 | _aLlewelyn-Davies and the National Retail Planning Forum (NRPF) have produced a government-sponsored guide to help planners improve urban design in town centres. The guide intends to accompany PPG6 on retailing and town centres and promotes pedestrian friendly design. "Going to town: improving town centre access" priced £20 is available from George Nicholson at the NRPF, t +44(0)20 7633 0903. | ||
| 590 | _aWB | ||
| 650 | _aTOWN CENTRES | ||
| 650 | _aNATIONAL RETAIL PLANNING FORUM | ||
| 650 | _aPLANNING POLICY GUIDANCE NOTE SIX | ||
| 650 | _aRETAIL PLANNING | ||
| 650 | _aURBAN DESIGN | ||
| 650 | _aPEDESTRIAN ACCESS | ||
| 690 | _aENVIRONMENTAL AND LAND CONSULTANCY-PLANNING AND DEVELOPMENT | ||
| 942 | _n0 | ||
| 999 |
_c70327 _d70327 |
||